|
|
|
|
| LEADER |
00000nab a2200000ua 4500 |
| 001 |
vtls010817303 |
| 003 |
SK-MaSNL |
| 005 |
20260303115248.0 |
| 008 |
230127s2006 xo |||||||||||||||||cze| |
| 035 |
|
|
|a (urnnbn)urn:nbn:sk:snk:ar-a05m92
|
| 035 |
|
|
|a urn:nbn:sk:snk-ab5lha
|
| 035 |
|
|
|a (uuid)a13135de-48c0-4e46-8d47-490f7fe2a01d
|
| 040 |
|
|
|a SNKBUCL
|b slo
|c SNKBUCL
|e AACR2
|
| 041 |
0 |
|
|a cze
|
| 044 |
|
|
|a xo
|c SK
|
| 100 |
1 |
|
|a Hadač, Jan
|4 aut
|9 1126680
|
| 245 |
1 |
0 |
|a DIFERENCIÁLNÍ DIAGNOSTIKA NEEPILEPTICKÝCH ZÁCHVATŮ U DĚTÍ
|c Jan Hadač
|
| 773 |
0 |
|
|t Pediatria pre prax
|g Roč. 7, č. 1 (2006), s. 27-30
|
| 954 |
|
|
|a odborná, vedecká literatúra pôvodná (slovenská)
|2 lita
|
| 954 |
|
|
|a odborná, vedecká literatúra cudzojazyčná (svetová)
|2 lita
|
| 958 |
|
|
|a OND
|
| 958 |
|
|
|a EUIPO
|
| 958 |
|
|
|a article5
|
| 999 |
|
|
|c 1903113
|d 1905043
|